Panorama de la astronomía moderna /
Guardado en:
| Autor Principal: | |
|---|---|
| Formato: | Libro |
| Publicado: |
Montevideo :
Universidad de la República, Departamento de Astronomía,
1974
|
| Edición: | 3 |
| Materias: | |
| Etiquetas: |
Agregar Etiqueta
Sin Etiquetas, Sea el primero en etiquetar este registro!
|
| LEADER | 00555nam a22001815a 4500 | ||
|---|---|---|---|
| 001 | CEM.cems014086 | ||
| 008 | 130507s1974##################000#0#####d | ||
| 005 | 20210705180958.0 | ||
| 003 | CEMS | ||
| 245 | 1 | 0 | |a Panorama de la astronomía moderna / |c Félix Cernuschi y Sayd Codina |
| 250 | |a 3 | ||
| 260 | |a Montevideo : |b Universidad de la República, Departamento de Astronomía, |c 1974 | ||
| 300 | |a 120 p. | ||
| 590 | |a 1161.013 | ||
| 100 | 1 | |a Cernuschi, Félix | |
| 653 | |a Astronomia | ||
| 653 | |a Biblioteca TC | ||
| 859 | |a CEMS |b BIB. CEMS - 11 de abril |h TC |p 1161.013 |t Ej.1 | ||
